| 000 | 004610000a22001810004500 | ||
|---|---|---|---|
| 003 | LK-CoMWRAF | ||
| 005 | 20240319100015.0 | ||
| 008 | 230817t1981 ||||| |||| 00| 0 eng d | ||
| 040 |
_aLK-CoMWRAF _dLK-CoMWRAF _eLK-CoMWRAF |
||
| 041 | _aeng | ||
| 082 |
_a923.6 _bHAN |
||
| 100 | _aHaniffa, S.M. | ||
| 245 | _aThe Great son | ||
| 260 |
_aColombo : _bThe Muslim times, _c1981 |
||
| 300 | _a127 p. | ||
| 650 | _aBIOGRPHIES-Social workers-Sri Lanka | ||
| 942 | _cBK | ||
| 999 |
_c1257 _d1257 |
||